Normal view
MARC view
- FEAR, RICHARD A
Entry Personal Name
001 - CONTROL NUMBER
- control field: 56992
003 - CONTROL NUMBER IDENTIFIER
- control field: NUST
005 - DATE AND TIME OF LATEST TRANSACTION
- control field: 20210628201827.0
008 - FIXED-LENGTH DATA ELEMENTS
- fixed length control field: 210628|| aca||aabn | a|a d
040 ## - CATALOGING SOURCE
- Original cataloging agency: NUST
- Transcribing agency: NUST
100 ## - HEADING--PERSONAL NAME
- Personal name: FEAR, RICHARD A
670 ## - SOURCE DATA FOUND
- Source citation: Work cat.: (NUST): FEAR, RICHARD A, THE EVALUATION INTERVIEW PREDICTING JOB PERFORMANCE IN BUSINESS AND INDUSTRY, 1958
